EL SECRETO DE LA TECNICA EMPRESARIAL JAPONESA /
TRADUCCION DE: THE ART OF JAPANESE MANAGEMENT
I tiakina i:
| Kaituhi matua: | |
|---|---|
| Ētahi atu kaituhi: | |
| Hōputu: | Pukapuka |
| Rangatū: | ECONOMIA Y EMPRESA
|
| Ngā marau: | |
| Ngā Tūtohu: |
Kāore He Tūtohu, Me noho koe te mea tuatahi ki te tūtohu i tēnei pūkete!
|
MARC
| LEADER | 00000nam^a2200000^a^4500 | ||
|---|---|---|---|
| 001 | 000244635 | ||
| 005 | 20260624000000.0 | ||
| 009 | 20260625170045.629 | ||
| 035 | |a 067928 | ||
| 037 | |a Acervo Xavier Clavigero | ||
| 082 | |a 658. 5 |b PAS | ||
| 100 | |a Pascale, Richard Tanner |e (autor) | ||
| 245 | 1 | 3 | |a EL SECRETO DE LA TECNICA EMPRESARIAL JAPONESA / |c RICHARD T. PASCALE, ANTHONY G. ATHOS ; TR. JOSE ANTONIO BRAVO |
| 264 | |a MEXICO : |b GRIJALBO, |c 1984 | ||
| 300 | |a 310 p. | ||
| 336 | |a texto |b txt |2 rdacontenido | ||
| 337 | |a sin mediación |b n |2 rdamedio | ||
| 338 | |a volumen |b nc |2 rdasoporte | ||
| 440 | |a ECONOMIA Y EMPRESA | ||
| 520 | |a TRADUCCION DE: THE ART OF JAPANESE MANAGEMENT | ||
| 585 | |a Exposición DIA 2022-10 / Sendero de crisantemos: una mirada a la cultura japonesa | ||
| 649 | |a XX | ||
| 650 | |a Industria - |z Japón - |x Administración | ||
| 700 | |a Athos, Anthony G. |e (autor) | ||
| 910 | |a Fondo General | ||
| 920 | |a Impresos - Libros | ||
| 930 | |a Colección General | ||
| 905 | |a 101 | ||
| 901 | |a 067928 |b IT1 |c ACC |i 067928 |u 20260624 | ||
| 902 | |a https://opac.biblio.iteso.mx/vufind/Record/000244635 | ||